|
|
|
|
| LEADER |
00604nam a22001817a 4500 |
| 005 |
20151215125154.0 |
| 008 |
091106t xxu||||| |||| 00| 0 eng d |
| 082 |
|
|
|a 658.403 8
|b HAR
|
| 100 |
|
|
|a Harry, M.J.S.
|9 7661
|
| 245 |
|
|
|a Information and management systems
|
| 300 |
|
|
|a vi, 153p.
|
| 653 |
|
|
|a Information systems
|a Management systems
|
| 942 |
|
|
|c BK
|6 _
|
| 260 |
|
|
|a Allahabad
|b Wheeler publishing
|c 1990
|
| 500 |
|
|
|a Includes index
|
| 020 |
|
|
|a 8185814023
|
| 999 |
|
|
|c 98687
|d 98687
|
| 952 |
|
|
|0 0
|1 0
|2 ddc
|4 0
|6 658403_8HAR
|7 0
|9 124356
|a SMS
|b SMS
|c GEN
|d 2009-11-06
|o 658.403 8 HAR
|p SMS020152
|r 2009-11-06
|w 2009-11-06
|y BK
|